000 00542nam a2200181Ia 4500
005 20250326141744.0
008 250326s9999 xx 000 0 und d
037 _aTextbook
040 _aFMSL
_beng
_cFMSL
041 _aeng
_2eng
084 _aX:89ZB(Y31) M8
_qFMSL
100 _aMohinder Singh
245 0 _aRural development administration and antipower programmes
_cMohinder Singh
260 _aNew Delhi
_bNew Delhi, Deep & Deep
_c1988
300 _a304p
942 _cTB
_hX:89ZB(Y31) M8
999 _c1291813
_d1291813